000
00316nam a2200121 a 4500
005
20140414131913.0
008
101014s19uu xx 00 eng d
050
_a
ER
_b
B74 1974
100
_a
Gross, Ruth Belov
245
_a
The Bremen-town musicians.
260
_b
Scholastic ,
_a
New York :
_c
1974.
999
_c
111324
_d
111324